[Event "GER-chT U20 Girls"]
[Site "Osnabrueck"]
[Date "2015.12.28"]
[Round "4.1"]
[White "Peters, Theresa"]
[Black "Lagunow, Elina"]
[Result "1-0"]
[WhiteElo "1734"]
[BlackElo "1750"]
[PlyCount "49"]
[EventDate "2015.12.27"]
[EventType "team-swiss"]
[EventRounds "7"]
[EventCountry "GER"]
[SourceTitle "EXT 2017"]
[Source "ChessBase"]
[SourceDate "2016.10.25"]
[SourceVersion "1"]
[SourceVersionDate "2016.10.25"]
[SourceQuality "1"]
[WhiteTeam "Grimma"]
[BlackTeam "Weissensee Chemie U20 Girls"]
[WhiteTeamCountry "GER"]
[BlackTeamCountry "GER"]

1. e4 c5 2. Nf3 Nc6 3. d4 cxd4 4. Nxd4 g6 5. Nc3 Bg7 6. Be3 Nf6 7. Bc4 0-0 8. 0-0 d6 9. h3 Bd7 10. Qd2 a6 11. a4 Rc8 12. Be2 Nxd4 13. Bxd4 Bc6 14. f3 Nd7 15. Bxg7 Kxg7 16. Nd5 Bxd5 17. exd5 Qb6+ 18. Kh1 Qxb2 19. Rfc1 Rc7 20. Rab1 Qe5 21. Rb4 Rfc8 22. Re4 Qf6 23. c4 Nc5 24. Rf4 Qg5 25. Rxf7+ 1-0

[Event "GER-ch U18 Girls"]
[Site "Magdeburg"]
[Date "2014.06.14"]
[Round "9"]
[White "Siegl, Melina"]
[Black "Lagunow, Elina"]
[Result "1/2-1/2"]
[WhiteElo "1848"]
[BlackElo "1861"]
[PlyCount "100"]
[EventDate "2014.06.08"]
[EventType "swiss"]
[EventRounds "9"]
[EventCountry "GER"]
[SourceTitle "CBM 160 Extra"]
[Source "ChessBase"]
[SourceDate "2014.07.01"]
[SourceVersion "1"]
[SourceVersionDate "2014.07.01"]
[SourceQuality "1"]

1. b3 Nf6 2. Bb2 g6 3. e3 Bg7 4. Be2 0-0 5. c4 c5 6. Nf3 b6 7. d4 Bb7 8. 0-0 e6 9. Nc3 d5 10. Rc1 Nbd7 11. Ba3 Ne4 12. cxd5 exd5 13. Na4 Rc8 14. Bb5 f5 15. Bxd7 Qxd7 16. dxc5 b5 17. c6 Rxc6 18. Bxf8 Kxf8 19. Rxc6 Bxc6 20. Nd4 bxa4 21. f3 Nd6 22. Qc2 Bb5 23. Rd1 axb3 24. axb3 Kf7 25. Qc5 Bxd4 26. Qxd5+ Ke7 27. Qxd4 Qe6 28. Qxa7+ Kf6 29. Qd4+ Ke7 30. Qc5 Be2 31. Rd2 Ba6 32. b4 Bb7 33. b5 h6 34. b6 g5 35. Kf2 g4 36. Qc7+ Qd7 37. Qc5 Ke6 38. Qd4 Qc6 39. Qg7 gxf3 40. Qxh6+ Ke5 41. Qf4+ Ke6 42. gxf3 Qxb6 43. Qh6+ Ke7 44. Qh7+ Ke6 45. h4 Qb4 46. Qg6+ Ke7 47. Qg5+ Ke6 48. Rd4 Qb2+ 49. Ke1 f4 50. Rxf4 Qc1+ 1/2-1/2

[Event "BL2 Ost 1314 (Women)"]
[Site "Germany"]
[Date "2013.12.01"]
[Round "2.3"]
[White "Lagunow, Elina"]
[Black "Kempe, Anne"]
[Result "0-1"]
[WhiteElo "1736"]
[BlackElo "1790"]
[PlyCount "138"]
[EventDate "2013.11.30"]
[EventType "team-tourn"]
[EventRounds "7"]
[EventCountry "GER"]
[SourceTitle "EXT 2018"]
[Source "ChessBase"]
[SourceDate "2017.10.13"]
[SourceVersion "1"]
[SourceVersionDate "2017.10.13"]
[SourceQuality "1"]
[WhiteTeam "Berlin Empor (W)"]
[BlackTeam "Chemnitz Aufbau (W)"]
[WhiteTeamCountry "GER"]
[BlackTeamCountry "GER"]

1. Nf3 d6 2. g3 g6 3. Bg2 Bg7 4. 0-0 Nf6 5. d3 0-0 6. e4 Nfd7 7. c3 c5 8. Nbd2 Nc6 9. Ne1 Rb8 10. f4 b5 11. Ndf3 Bb7 12. Qe2 b4 13. cxb4 Nxb4 14. a3 Nc6 15. Be3 Ba6 16. Rb1 Qc7 17. b3 Qa5 18. Nc2 Qc3 19. Rfd1 Rxb3 20. Rxb3 Qxb3 21. Bf1 Rb8 22. Qd2 Qb7 23. Bg2 Qc7 24. d4 Na5 25. dxc5 Nxc5 26. Nfd4 Nc4 27. Qf2 Nxe3 28. Qxe3 Qb6 29. Bf3 Ne6 30. Nxe6 Qxe3+ 31. Nxe3 fxe6 32. Kg2 Rb3 33. Nc2 Rb2 34. Rd2 Bc3 35. Rf2 Rb3 36. Bd1 Bd3 37. e5 Bxc2 38. Bxc2 Rxa3 39. exd6 exd6 40. Re2 e5 41. fxe5 Bxe5 42. Rf2 Kg7 43. Be4 a5 44. Rf3 Ra2+ 45. Rf2 Ra1 46. Bd5 Bf6 47. Rc2 Re1 48. Rc7+ Re7 49. Rc6 Rd7 50. Kf3 Be5 51. Ra6 Bc3 52. g4 Bb4 53. h3 Kf6 54. Kf4 Bd2+ 55. Ke4 Kg5 56. Kf3 Kh4 57. Kg2 Bb4 58. Rc6 Re7 59. Bf3 Ra7 60. Rc4 Bc5 61. Ra4 Bb4 62. Bd5 Rc7 63. Ra2 Rc3 64. Bf3 d5 65. Ra1 d4 66. Rd1 d3 67. Be4 d2 68. Bf3 Rc1 69. Be2 a4 0-1

[Event "GER-chT Lands U20"]
[Site "Hannover"]
[Date "2013.10.05"]
[Round "6.5"]
[White "Fluechter, Gregor"]
[Black "Lagunow, Elina"]
[Result "1/2-1/2"]
[WhiteElo "1996"]
[BlackElo "1678"]
[PlyCount "68"]
[EventDate "2013.10.02"]
[EventType "team-swiss"]
[EventRounds "7"]
[EventCountry "GER"]
[SourceTitle "EXT 2014"]
[Source "ChessBase"]
[SourceDate "2013.11.20"]
[SourceVersion "1"]
[SourceVersionDate "2013.11.20"]
[SourceQuality "1"]
[WhiteTeam "Nordrhein Westfalen"]
[BlackTeam "Berlin"]
[WhiteTeamCountry "GER"]
[BlackTeamCountry "GER"]

1. e4 c5 2. Nf3 Nc6 3. d4 cxd4 4. Nxd4 g6 5. c4 Nf6 6. Nc3 Bg7 7. Be3 0-0 8. Be2 d6 9. 0-0 Bd7 10. Qd2 Nxd4 11. Bxd4 Bc6 12. f3 Nd7 13. Kh1 Bxd4 14. Qxd4 Qb6 15. Qxb6 Nxb6 16. b4 a5 17. b5 Bd7 18. Nd5 Nxd5 19. cxd5 b6 20. Rac1 Rac8 21. Kg1 Kg7 22. a4 Rxc1 23. Rxc1 Rc8 24. Rxc8 Bxc8 25. Kf2 Kf6 26. Ke3 e6 27. Bc4 g5 28. g3 h6 29. Kd4 e5+ 30. Ke3 Kg6 31. g4 Bd7 32. h3 f6 33. Kf2 Bc8 34. Ke3 Bd7 1/2-1/2

[Event "GER-chT North U16"]
[Site "Berlin"]
[Date "2012.09.07"]
[Round "4.3"]
[White "Viol, Joshua"]
[Black "Lagunow, Elina"]
[Result "1-0"]
[WhiteElo "1554"]
[BlackElo "1717"]
[PlyCount "113"]
[EventDate "2012.09.06"]
[EventType "team-swiss"]
[EventRounds "7"]
[EventCountry "GER"]
[SourceTitle "EXT 2015"]
[Source "ChessBase"]
[SourceDate "2014.11.20"]
[SourceVersion "1"]
[SourceVersionDate "2014.11.20"]
[SourceQuality "1"]
[WhiteTeam "Hamburg Koenigsspringer"]
[BlackTeam "Baumschulenweg"]
[WhiteTeamCountry "GER"]
[BlackTeamCountry "GER"]

1. e4 c5 2. Nf3 Nc6 3. d4 cxd4 4. Nxd4 g6 5. c4 Bg7 6. Be3 Nf6 7. Nc3 0-0 8. Be2 d6 9. Rc1 Bd7 10. 0-0 Nxd4 11. Bxd4 Bc6 12. f3 Nd7 13. Nd5 Bxd4+ 14. Qxd4 a5 15. a3 a4 16. Rb1 Nc5 17. Bd1 Bxd5 18. cxd5 Qa5 19. Rc1 Rfc8 20. Qb4 Qa7 21. Kh1 Nd3 22. Rxc8+ Rxc8 23. Qd2 Nc5 24. Qb4 Nd3 25. Qd2 Nc5 26. Qb4 Qa6 27. Kg1 Qd3 28. Re1 Qa6 29. Be2 Qa7 30. Kf1 Nb3 31. Bd1 Rc1 32. Bxb3 Rxe1+ 33. Qxe1 axb3 34. Qb4 Qe3 35. Qe1 Qd3+ 36. Qe2 Qb1+ 37. Kf2 Kg7 38. Qd2 Qc2 39. Ke2 Qc5 40. Kd3 b5 41. Qc3+ Kh6 42. Qxc5 dxc5 43. Kc3 c4 44. a4 bxa4 45. Kxc4 a3 46. Kxb3 axb2 47. Kxb2 Kg5 48. Kc3 h5 49. Kd4 Kf4 50. e5 h4 51. d6 exd6 52. exd6 g5 53. d7 f5 54. d8Q h3 55. gxh3 Kxf3 56. Qxg5 f4 57. Qg4+ 1-0

[Event "GER-chT North U16"]
[Site "Berlin"]
[Date "2012.09.06"]
[Round "2.3"]
[White "Linowitzki, Jakob"]
[Black "Lagunow, Elina"]
[Result "1-0"]
[WhiteElo "1636"]
[BlackElo "1717"]
[PlyCount "57"]
[EventDate "2012.09.06"]
[EventType "team-swiss"]
[EventRounds "7"]
[EventCountry "GER"]
[SourceTitle "EXT 2015"]
[Source "ChessBase"]
[SourceDate "2014.11.20"]
[SourceVersion "1"]
[SourceVersionDate "2014.11.20"]
[SourceQuality "1"]
[WhiteTeam "Luebeck"]
[BlackTeam "Baumschulenweg"]
[WhiteTeamCountry "GER"]
[BlackTeamCountry "GER"]

1. Nf3 Nf6 2. g3 g6 3. b3 Bg7 4. Bb2 0-0 5. Bg2 d6 6. d4 c5 7. 0-0 Nc6 8. c4 e6 9. Nc3 a6 10. Re1 Rb8 11. e4 b5 12. d5 Na5 13. cxb5 axb5 14. dxe6 fxe6 15. e5 Ne8 16. exd6 Nxd6 17. Bh3 Nf5 18. Qe2 Qb6 19. Rad1 Bb7 20. Bxf5 exf5 21. Nd5 Bxd5 22. Rxd5 Bxb2 23. Qxb2 Qb7 24. Qd2 c4 25. Rd7 Qxf3 26. Ree7 Qh5 27. Rg7+ Kh8 28. Qd4 Nc6 29. Rxh7+ 1-0

[Event "GER-ch U16 Girls"]
[Site "Oberhof"]
[Date "2012.05.27"]
[Round "1"]
[White "Lagunow, Elina"]
[Black "Tobianski, Karina"]
[Result "1-0"]
[WhiteElo "1752"]
[BlackElo "1341"]
[PlyCount "125"]
[EventDate "2012.05.27"]
[EventType "swiss"]
[EventRounds "9"]
[EventCountry "GER"]
[SourceTitle "CBM 148 Extra"]
[Source "ChessBase"]
[SourceDate "2012.06.22"]
[SourceVersion "1"]
[SourceVersionDate "2012.06.22"]
[SourceQuality "1"]

1. e4 c5 2. c3 d5 3. exd5 Qxd5 4. d4 Nc6 5. Nf3 cxd4 6. cxd4 e5 7. Nc3 Bb4 8. Bd2 Bxc3 9. Bxc3 e4 10. Ne5 Nxe5 11. dxe5 Ne7 12. Qa4+ Bd7 13. Qb4 Qc6 14. Rc1 a5 15. Qd4 0-0 16. Bd2 Qd5 17. Qxd5 Nxd5 18. Rc5 Bc6 19. Bxa5 Rfe8 20. Bc4 Ne7 21. e6 fxe6 22. Bxe6+ Kh8 23. 0-0 Ng6 24. Bb3 Rac8 25. Bc3 Re7 26. Re1 Rce8 27. Re3 Ne5 28. Rh3 b6 29. Rxe5 Rxe5 30. Bxe5 Rxe5 31. Rc3 Rc5 32. Rxc5 bxc5 33. a4 g6 34. Kf1 Kg7 35. Ke2 Kf6 36. Ke3 Ke5 37. a5 Bb7 38. f3 exf3 39. gxf3 g5 40. Bc2 h6 41. Be4 Ba6 42. b3 Bb5 43. Bd3 Bc6 44. a6 Kd6 45. a7 Kc7 46. Bb5 Ba8 47. f4 gxf4+ 48. Kxf4 Kb6 49. Bc4 Kxa7 50. Kg4 Kb6 51. Kh5 Bf3+ 52. Kxh6 Kc6 53. h4 Kd6 54. h5 Ke5 55. Kg6 Be4+ 56. Kg7 Kd6 57. h6 Ke7 58. h7 Bxh7 59. Kxh7 Kf6 60. Kh6 Ke5 61. Kg6 Kd6 62. Kf5 Kc6 63. Ke5 1-0

[Event "GER-chT U18 Girls"]
[Site "Germany"]
[Date "2012.05.05"]
[Round "4.1"]
[White "Evers, Annika"]
[Black "Lagunow, Elina"]
[Result "1-0"]
[WhiteElo "1774"]
[BlackElo "1684"]
[PlyCount "79"]
[EventDate "2012.05.04"]
[EventType "team-swiss"]
[EventRounds "7"]
[EventCountry "GER"]
[SourceTitle "EXT 2014"]
[Source "ChessBase"]
[SourceDate "2013.11.20"]
[SourceVersion "1"]
[SourceVersionDate "2013.11.20"]
[SourceQuality "1"]
[WhiteTeam "Stade Athenaeum (W)"]
[BlackTeam "Berlin HSG (W)"]
[WhiteTeamCountry "GER"]
[BlackTeamCountry "GER"]

1. d4 Nf6 2. Nf3 g6 3. Bg5 Bg7 4. e3 0-0 5. Bd3 d6 6. c3 c5 7. Nbd2 Nc6 8. Qc2 e5 9. dxe5 Nxe5 10. Nxe5 dxe5 11. Ne4 Qb6 12. Bxf6 Bxf6 13. 0-0-0 Bg7 14. Bc4 Bf5 15. h3 Qc7 16. g4 Bd7 17. f3 b5 18. Bd5 Rad8 19. h4 Bc6 20. Bxc6 Qxc6 21. h5 c4 22. hxg6 fxg6 23. Rxd8 Rxd8 24. g5 Qc7 25. Qh2 Bh8 26. f4 Rd3 27. fxe5 Bxe5 28. Nf6+ Kf8 29. Qh6+ Qg7 30. Qxg7+ Kxg7 31. Rxh7+ Kf8 32. Nd7+ Kg8 33. Nxe5 Rd5 34. Re7 Kf8 35. Nxg6+ Kg8 36. Re5 Rd6 37. Ne7+ Kf7 38. g6+ Kf6 39. g7 Kxe5 40. g8Q 1-0

[Event "GER-chT Nord-Ost U20 U20 1112"]
[Site "Germany"]
[Date "2011.09.24"]
[Round "1.4"]
[White "Mauser, Tassilo Tino"]
[Black "Lagunow, Elina"]
[Result "0-1"]
[WhiteElo "1534"]
[BlackElo "1639"]
[PlyCount "78"]
[EventDate "2011.09.24"]
[EventType "team-tourn"]
[EventRounds "9"]
[EventCountry "GER"]
[SourceTitle "EXT 2015"]
[Source "ChessBase"]
[SourceDate "2014.11.20"]
[SourceVersion "1"]
[SourceVersionDate "2014.11.20"]
[SourceQuality "1"]

1. e4 c5 2. Nc3 Nc6 3. g3 g6 4. Bg2 Bg7 5. d3 e6 6. f4 Nge7 7. Nf3 d5 8. e5 a6 9. 0-0 0-0 10. Re1 Qc7 11. Qd2 c4 12. d4 b5 13. Nd1 b4 14. c3 Rb8 15. Nf2 Kh8 16. Qe2 a5 17. Bd2 Bd7 18. Rab1 a4 19. Rec1 Rb7 20. Be1 Rfb8 21. h4 bxc3 22. Bxc3 Nb4 23. a3 Nbc6 24. h5 h6 25. g4 gxh5 26. g5 Nf5 27. Kh2 Rg8 28. Bh3 Nce7 29. Rg1 Ng6 30. Bxf5 exf5 31. gxh6 Bxh6 32. Ng5 Nxf4 33. Nxf7+ Kh7 34. Qf3 Rxg1 35. Rxg1 Qb6 36. Bd2 Qxd4 37. Bxf4 Qxf4+ 38. Qxf4 Bxf4+ 39. Kh3 Rxb2 0-1

[Event "Berlin Lichtenberger op 10th"]
[Site "Berlin"]
[Date "2011.08.19"]
[Round "7"]
[White "Lagunow, Elina"]
[Black "Rehder, Frank"]
[Result "1/2-1/2"]
[WhiteElo "1713"]
[BlackElo "1947"]
[PlyCount "108"]
[EventDate "2011.08.13"]
[EventType "swiss"]
[EventRounds "9"]
[EventCountry "GER"]
[SourceTitle "CBM 143 Extra"]
[Source "ChessBase"]
[SourceDate "2011.08.29"]
[SourceVersion "1"]
[SourceVersionDate "2011.08.29"]
[SourceQuality "1"]

1. e4 c5 2. c3 e6 3. d4 d5 4. exd5 Qxd5 5. Nf3 Nc6 6. Be3 cxd4 7. cxd4 Nf6 8. Be2 Be7 9. h3 0-0 10. 0-0 a6 11. Nc3 Qa5 12. Rc1 Bd7 13. a3 Rac8 14. Nb1 b5 15. b4 Qd8 16. Nbd2 Nd5 17. Ne4 Qb6 18. Nc5 Rfd8 19. Qb3 Bf6 20. Ne5 Be8 21. f4 Nxe3 22. Qxe3 Nxd4 23. Bd3 g6 24. Rfe1 Bg7 25. Kh1 Nc6 26. Rcd1 Nxe5 27. fxe5 Rd5 28. Qf4 Rcd8 29. Re3 Qa7 30. Rf1 Rd4 31. Qg3 a5 32. Nb3 R4d5 33. Nxa5 Bxe5 34. Qf3 Bg7 35. Be4 Re5 36. Ree1 Qc7 37. Bc6 Rxe1 38. Rxe1 Bxc6 39. Nxc6 Rd5 40. Na5 Qd8 41. Rf1 f5 42. Nb7 Qd7 43. Nc5 Qd6 44. Qe2 e5 45. Qxb5 Rd1 46. Rxd1 Qxd1+ 47. Kh2 h6 48. Qe8+ Kh7 49. Ne6 Qd6 50. Qf7 e4+ 51. Kg1 Qd1+ 52. Kf2 Qc2+ 53. Kg3 Qc3+ 54. Kh2 Qe5+ 1/2-1/2

[Event "Berlin Lichtenberger op 10th"]
[Site "Berlin"]
[Date "2011.08.17"]
[Round "5"]
[White "Lagunow, Elina"]
[Black "Stiefel, Marika"]
[Result "1-0"]
[WhiteElo "1713"]
[BlackElo "1772"]
[PlyCount "79"]
[EventDate "2011.08.13"]
[EventType "swiss"]
[EventRounds "9"]
[EventCountry "GER"]
[SourceTitle "CBM 143 Extra"]
[Source "ChessBase"]
[SourceDate "2011.08.29"]
[SourceVersion "1"]
[SourceVersionDate "2011.08.29"]
[SourceQuality "1"]

1. e4 c5 2. c3 e6 3. d4 d5 4. exd5 exd5 5. Bd3 Nf6 6. Bf4 Bd6 7. Bxd6 Qxd6 8. Nf3 Bg4 9. 0-0 0-0 10. dxc5 Qxc5 11. Nbd2 Nbd7 12. Qa4 Qd6 13. Rfe1 Nc5 14. Qd4 Nxd3 15. Qxd3 Qf4 16. Nd4 Bh5 17. Qe3 Qxe3 18. Rxe3 Rfe8 19. Rae1 Rxe3 20. Rxe3 Re8 21. Rxe8+ Nxe8 22. f3 Nd6 23. b3 Bg6 24. Kf2 a6 25. a4 Nf5 26. Nxf5 Bxf5 27. Ke3 Bd7 28. Kd4 Bc6 29. Nf1 f6 30. Ne3 Kf7 31. Nxd5 Ke6 32. c4 b5 33. axb5 axb5 34. Nc7+ Kd6 35. Nxb5+ Bxb5 36. cxb5 f5 37. f4 h6 38. h4 g6 39. g3 h5 40. Kc4 1-0

[Event "GER-ch U14 Girls"]
[Site "Oberhof"]
[Date "2011.06.15"]
[Round "6"]
[White "Schaefer, Annabelle"]
[Black "Lagunow, Elina"]
[Result "1-0"]
[WhiteElo "1545"]
[BlackElo "1738"]
[PlyCount "117"]
[EventDate "2011.06.11"]
[EventType "swiss"]
[EventRounds "9"]
[EventCountry "GER"]
[SourceTitle "CBM 142 Extra"]
[Source "ChessBase"]
[SourceDate "2011.06.27"]
[SourceVersion "1"]
[SourceVersionDate "2011.06.27"]
[SourceQuality "1"]

1. e4 d6 2. d4 Nf6 3. Nc3 c6 4. h3 g6 5. Nf3 Bg7 6. Bd3 0-0 7. 0-0 Nbd7 8. Bf4 Re8 9. Qd2 e5 10. dxe5 dxe5 11. Be3 Qe7 12. Bh6 a5 13. Bxg7 Kxg7 14. a4 Nc5 15. Rfd1 Bd7 16. Qe2 Rad8 17. Bc4 Nh5 18. Qe3 Nf4 19. Rd2 Rb8 20. Rad1 b5 21. axb5 cxb5 22. Ba2 Bc6 23. Rd6 Bd5 24. R6xd5 Nxd5 25. Rxd5 Nd7 26. Nxb5 Nf6 27. Rxe5 Qb4 28. Rxe8 Rxe8 29. Qb3 Qxb3 30. Bxb3 Nxe4 31. Kf1 Nc5 32. Bxf7 Rb8 33. Bc4 Na4 34. b3 Nb2 35. Be2 Rc8 36. c3 a4 37. bxa4 Nxa4 38. c4 Nb6 39. Nd2 Ra8 40. f4 Kf6 41. c5 Nd5 42. Bf3 Rd8 43. Bxd5 Rxd5 44. Ne4+ Kf5 45. Nbd6+ Kxf4 46. Kf2 Ke5 47. Ke3 Rd1 48. Nf7+ Ke6 49. Nfg5+ Ke5 50. Nf3+ Ke6 51. Kf4 h6 52. Ke3 Rc1 53. Nd4+ Kd7 54. Kf4 Ra1 55. Ke5 Ra2 56. g3 Rg2 57. Kd5 Rg1 58. c6+ Kd8 59. Ne6+ 1-0

[Event "GER-ch U14 Girls"]
[Site "Oberhof"]
[Date "2011.06.13"]
[Round "3"]
[White "Lagunow, Elina"]
[Black "Rosmait, Emily"]
[Result "1-0"]
[WhiteElo "1738"]
[BlackElo "1253"]
[PlyCount "65"]
[EventDate "2011.06.11"]
[EventType "swiss"]
[EventRounds "9"]
[EventCountry "GER"]
[SourceTitle "CBM 142 Extra"]
[Source "ChessBase"]
[SourceDate "2011.06.27"]
[SourceVersion "1"]
[SourceVersionDate "2011.06.27"]
[SourceQuality "1"]

1. e4 e5 2. Nf3 Nc6 3. Bc4 Bc5 4. c3 Nf6 5. d3 h6 6. Nbd2 0-0 7. Nf1 d6 8. Bb3 Ne7 9. Ng3 Ng6 10. 0-0 c6 11. d4 Bb6 12. Re1 Re8 13. h3 Bc7 14. Be3 b5 15. a4 bxa4 16. Bxa4 Bd7 17. Qd2 d5 18. exd5 cxd5 19. dxe5 Nxe5 20. Nxe5 Bxe5 21. Bb3 Bc6 22. Nf5 Ne4 23. Qe2 Qf6 24. Qg4 Qg6 25. Bxa7 Nf6 26. Qf3 Rac8 27. Bd4 Ne4 28. Bc2 Ng5 29. Qg4 h5 30. Ne7+ Rxe7 31. Qxc8+ Re8 32. Bxg6 Rxc8 33. Rxe5 1-0